00671pam a2200205 i 4500008004100000020002200041100001700063245011300080250001200193260003800205300003600243440004200279500003000321500002000351504004100371650002600412003000100438005001700439040000900456  a0750628960 (pbk.) aLandau, L.D.10aMechanics /cby L. D. Landau and E. M. Lifshitz ; translated from the Russian by J. B. Sykes and J. S. Bell. a3rd ed. aOxford :bPergamon Press,c1976. axxvii, 170 p. :bill. ;c25 cm. aCourse of theoretical physics ; v. 1. aTranslation of Mekhanika. aIncludes index. aIncludes bibliographical references. 0aMechanics, Analytic.`20230123124931.0 cNUST